000
00234nam a2200097Ia 4500
001
644921
005
20250826153614.0
008
250824s9999 xx 000 0 und d
245
0
_a
Ruby Rogers İşine Bak !
_c
Sue Limb
260
_b
ALTIN
999
_c
644921
_d
644921